Aritmética Razonada / (Record no. 22704)

000 -CABECERA
fixed length control field 00848nam a22002297i 4500
003 - IDENTIFICADOR DEL NÚMERO DE CONTROL
control field AR-CdUCM
008 - DATOS DE LONGITUD FIJA--INFORMACIÓN GENERAL
fixed length control field 231003b20212021pe aaaafr|||| 00| 0 spa d
040 ## - FUENTE DE LA CATALOGACIÓN
Agencia/entidad que catalogó originalmente la obra MUNICIPALIDAD PROVINCIAL DEL CUSCO
Entidad que transcribió la catalogación BIBLIOTECA MUNICIPAL DEL CUSCO
082 ## - NÚMERO DE LA CLASIFICACIÓN DECIMAL DEWEY
No. de Clasificación 513.076 / O41 / T.I
Notacion interna O41 / T.I
100 ## - ENTRADA PRINCIPAL--NOMBRE DE PERSONA
Nombre Personal Olarte Estrada, Joel Grimaldo
245 ## - MENCIÓN DE TÍTULO
Título Aritmética Razonada /
260 ## - PUBLICACIÓN, DISTRIBUCIÓN, ETC.
Lugar de publicación, distribución, etc. Cusco :
Nombre de la editorial, distribuidor, etc. Bolaños,
Fecha de publicación, distribución, etc. 2021.
300 ## - DESCRIPCIÓN FÍSICA
Nº de Páginas Extensión 267 páginas. :
Otros detalles físicos Ilustraciones,
Dimensiones 21 cm.
500 ## - NOTA GENERAL
Bibliografía Bibliografía: página 269
505 ## - NOTA DE CONTENIDO CON FORMATO
Nota de contenido formateada Teoría de conjuntos -- Conjuntos equivalentes -- Sistema de los números naturales y enteros -- Números racionales -- Complemento aritmético
650 ## - PUNTO DE ACCESO ADICIONAL DE MATERIA--TÉRMINO DE MATERIA
Descriptor Aritmética
9 (RLIN) 49257
650 ## - PUNTO DE ACCESO ADICIONAL DE MATERIA--TÉRMINO DE MATERIA
Descriptor Conjuntos aritméticos
9 (RLIN) 48912
650 ## - PUNTO DE ACCESO ADICIONAL DE MATERIA--TÉRMINO DE MATERIA
Descriptor Fracciones
9 (RLIN) 21887
942 ## - ELEMENTOS DE PUNTO DE ACCESO ADICIONAL (KOHA)
Fuente de clasificación
Tipo de item Libros-BMC
945 ## - PROCESAMIENTO DE INFORMACIÓN LOCAL (OCLC)
Catalogador pebm
AAAA-MM-DD - Fecha de ingreso o modificacion 2023-10-03
Holdings
Estado de retiro (separado) Fuente de clasificación o esquema de estanterías Estado dañado Ubicación Sala donde se ubica Nombre de la colección Fecha de adquisición o compra Fuente de adquisición Costo, precio normal en soles Signatura topográfica Código de Barras Última vez visto (Koha) Tipo de ítem (Koha)
No     Sala Ciencias Sala Ciencias Book Cart 2023-10-03 Donación 20.00 513.076 / O41 / T.I SC0000002366 2023-10-03 Libros-BMC

Powered by Koha